The barnacles of British Columbia / (Record no. 284322)
[ view plain ]
| 000 -LEADER | |
|---|---|
| fixed length control field | 00849cam a22002531 4500 |
| 001 - CONTROL NUMBER | |
| control field | 6524475 |
| 003 - CONTROL NUMBER IDENTIFIER | |
| control field | PILC |
| 005 - DATE AND TIME OF LATEST TRANSACTION | |
| control field | 20150522162008.0 |
| 008 - FIXED-LENGTH DATA ELEMENTS--GENERAL INFORMATION | |
| fixed length control field | 740913s1955 xx 000 0 eng |
| 010 ## - LIBRARY OF CONGRESS CONTROL NUMBER | |
| LC control number | 55059635 |
| 035 ## - SYSTEM CONTROL NUMBER | |
| System control number | (OCoLC)1007374 |
| 040 ## - CATALOGING SOURCE | |
| Original cataloging agency | DLC |
| Transcribing agency | TxU-Da |
| Modifying agency | OCoLC |
| -- | DLC |
| 042 ## - AUTHENTICATION CODE | |
| Authentication code | premarc |
| 050 00 - LIBRARY OF CONGRESS CALL NUMBER | |
| Classification number | QH 71.V6 |
| Item number | .C821 1970 |
| 100 1# - MAIN ENTRY--PERSONAL NAME | |
| Personal name | Cornwall, Ira Edmund, |
| Dates associated with a name | 1875- |
| 245 14 - TITLE STATEMENT | |
| Title | The barnacles of British Columbia / |
| Statement of responsibility, etc | Ira E. Cornwall ; Illustrations by Frank L. Beebe. |
| 260 ## - PUBLICATION, DISTRIBUTION, ETC. (IMPRINT) | |
| Place of publication, distribution, etc | Columbia |
| Name of publisher, distributor, etc | A. Sutton, |
| Date of publication, distribution, etc | 1970. |
| 300 ## - PHYSICAL DESCRIPTION | |
| Extent | 69 pages : |
| Other physical details | illustrations ; |
| Dimensions | 19 cm. |
| 490 0# - SERIES STATEMENT | |
| Series statement | British Columbia Provincial Museum. Dept. of Education. Handbook no. 7 |
| 500 ## - GENERAL NOTE | |
| General note | Includes glossary and bibliographical references. |
| 650 #0 - SUBJECT ADDED ENTRY--TOPICAL TERM | |
| Topical term or geographic name as entry element | Cirripedia. |
| 906 ## - LOCAL DATA ELEMENT F, LDF (RLIN) | |
| a | 7 |
| b | cbc |
| c | oclcrpl |
| d | u |
| e | ncip |
| f | 19 |
| g | y-gencatlg |
| 942 ## - ADDED ENTRY ELEMENTS (KOHA) | |
| Source of classification or shelving scheme | Library of Congress Classification |
| Koha item type | Books |
| Call number prefix | Foreign |
| Withdrawn status | Lost status | Source of classification or shelving scheme | Damaged status | Home library | Current library | Shelving location | Date acquired | Source of acquisition | Total Checkouts | Full call number | Barcode | Date last seen | Price effective from | Koha item type |
|---|---|---|---|---|---|---|---|---|---|---|---|---|---|---|
| Library of Congress Classification | Archives | Archives | 05/22/2015 | Library Fund | QH 71.V6 .C821 1970 | C19352 | 05/15/2018 | 05/22/2015 | Books |